Dzielnice Zielonej Góry - Statystyki

Ogólne statystyki
  • Ten quiz został rozwiązany 82 razy
    78 od ostatniego zresetowania
  • Średni wynik to 19 z 60
Statystyki odpowiedzi
Odpowiedź % Poprawnych
Ochla
79%
Jędrzychów
76%
Chynów
74%
Przylep
69%
Racula
69%
Os. Pomorskie
60%
Os. Śląskie
60%
Os. Przyjaźni
57%
Stary Kisielin
57%
Zawada
57%
Drzonków
55%
Łężyca
55%
Nowy Kisielin
55%
Jany
50%
Krępa
48%
Os. Leśne
48%
Zacisze
48%
Zatonie
45%
Jeleniów
43%
Kiełpin
43%
Jarogniewice
40%
Barcikowice
38%
Os, Czarkowo
38%
Os. Mazurskie
38%
Raculka
36%
Os. Piastowskie
29%
Os. Słoneczne
29%
Barcikowiczki
24%
Ługowo
24%
Nowe Miasto
24%
Os. Kwiatowe
24%
Os. Zastalowskie
24%
Sucha
24%
Os. Zdrojowe
21%
Stożne
21%
Os. Cegielnia
19%
Os. Łużyckie
17%
Os. Malarzy
17%
Os. Wazów
17%
Przydroże
17%
Os. Braniborskie
14%
Os. Na Olimpie
14%
Os, Batorego
12%
Os. Kaszubskie
12%
Os. Kolorowe
12%
Os. Leśny Dwór
12%
Krępa Mała
10%
Os. Jana Kilińskiego
10%
Os. Kościuszki
10%
Os. Morelowe
10%
Os. Tysiąclecia
10%
Os. Warmińskie
10%
Marzęcin
7%
Os. Bajkowe
7%
Os. Dolina Zielona
7%
Os. Kamieni Szlachetnych
7%
Os, Milenijne
7%
Os. Uczonych
7%
Winnica
7%
Os. Słowackiego
5%
Nie znaleziono quizów pasujących do podanych kryteriów
Rozkład punktacji
Procent ludzi z każdym wynikiem
Percentyl według liczby udzielonych odpowiedzi
Twoja historia wyników
Nie rozwiązałeś tego quizu od ostatniego zresetowania